[Event "Tourn. n10012"]
[Site "www.echecsemail.com"]
[Date "2019.01.26"]
[Round "1"]
[White "Picifarkinca"]
[Black "Roque1"]
[WhiteElo "1870"]
[BlackElo "2020"]
[Result "1-0"]
[Round "1"]
1.e4 c5
2.Nb1c3 e6
3.Ng1e2 Nb8c6
4.g3 Ng8f6
5.Bf1g2 Bf8e7
6.O-O O-O
7.f4 d6
8.d4 cxd4
9.Ne2xd4 Qd8b6
10.e5 Nf6g4
11.Bg2xc6 bxc6
12.Qd1xg4 Qb6xd4
13.Kg2 dxe5
14.h3 f5
15.Qg4e2 e4
16.Bc1e3 Qd4b4
17.Ra1b1 Qb4a5
18.Qe2c4 Rf8f6
19.Be3d4 Rf6h6
20.Qc4xc6 Ra8b8
21.Qc6e8 Be7f8
22.Bd4e5 Qa5b6
23.Be5xb8 Qb6xb8
24.Rf1d1 Rh6f6
{ time. }
1-0

[Event "Match"]
[Site "www.echecsemail.com"]
[Date "2019.01.26"]
[Round "1"]
[White "Tonino1"]
[Black "Orhany24"]
[WhiteElo "2230"]
[BlackElo "2090"]
[Result "0-1"]
[Round "1"]
1.d4 d5
2.Ng1f3 c5
3.e3 Ng8f6
4.c3 Nb8c6
5.Bf1d3 c4
6.Bd3c2 Bc8g4
7.O-O e5
8.h3 Bg4h5
9.g4 Bh5g6
10.Nf3xe5 Bg6xc2
11.Qd1xc2 Bf8d6
12.f4 O-O
13.Nb1d2 h6
14.Nd2f3 Nf6e4
15.Qc2g2 f5
16.Ne5xc6 bxc6
17.gxf5 Rf8xf5
18.Nf3e5 Bd6xe5
19.dxe5 Qd8h4
20.Kh2 Ra8f8
21.b3 Ne4xc3
22.Bc1a3 Rf8f7
23.bxc4 Nc3e4
24.cxd5 cxd5
25.Ra1b1 Kh7
26.Rb1b5 Ne4c3
27.Rb5c5 d4
28.exd4 Rf5xf4
29.Rf1xf4 Qh4xf4
30.Kh1 Nc3e4
31.Rc5c6 g5
32.Ba3b2 Ne4f2
33.Kg1 Nf2xh3
34.Qg2xh3 Qf4f2
35.Kh1 Qf2e1
36.Kh2 Rf7f2
 { time }
0-1

[Event "Match"]
[Site "www.echecsemail.com"]
[Date "2019.01.26"]
[Round "1"]
[White "Stepanpech"]
[Black "Tonino1"]
[WhiteElo "2530"]
[BlackElo "2230"]
[Result "1-0"]
[Round "1"]
1.e4 d6
2.d4 Ng8f6
3.Nb1c3 c6
4.f4 Qd8c7
5.Ng1f3 g6
6.Bf1e2 Bf8g7
7.O-O O-O
8.a4 Nb8d7
9.f5 e6
10.fxe6 fxe6
11.Nf3g5 Rf8e8
12.Qd1d3 h6
13.e5 Nf6h7
14.Qd3xg6  { time }
1-0

[Event "Tourn. n9989"]
[Site "www.echecsemail.com"]
[Date "2019.01.26"]
[Round "1"]
[White "Tonino1"]
[Black "Ff333"]
[WhiteElo "2120"]
[BlackElo "2060"]
[Result "0-1"]
[Round "1"]
1.f4 g6
2.d4 Bf8g7
3.e3 d5
4.Bf1d3 Ng8f6
5.Ng1f3 O-O
6.O-O Nf6e4
7.Nb1d2 f5
8.c3 a6
9.Nf3e5 Nb8d7
10.Qd1b3 e6
11.Nd2f3 Nd7xe5
12.fxe5 c5
13.Bd3xe4 c4
14.Qb3d1 dxe4
15.Nf3e1 Bc8d7
16.b3 cxb3
17.Qd1xb3 Ra8b8
18.Bc1a3 Rf8e8
19.Ba3d6 Rb8c8
20.g3 b5
21.Ra1c1 Rc8c4
22.Ne1g2 Qd8a5
23.Rf1d1 Bg7f8
24.Bd6xf8 Re8xf8
25.Ng2f4 Kf7
26.d5 Rf8c8
27.dxe6 Bd7xe6
28.Nf4xe6 Kxe6
29.Rd1d6 Kxe5
30.Rc1d1 Rc8c5
31.Qb3c2 Qa5xc3
32.Qc2xc3 Rc4xc3
33.Rd6xa6 Rc3xe3
34.Rd1d7 Rc5c1
35.Kf2 Re3f3
36.Kg2 Rc1c2
37.Kh3 Rf3f2
38.Kh4 Rf2xh2
 { time }
0-1

[Event "Tourn. n10031"]
[Site "www.echecsemail.com"]
[Date "2019.01.26"]
[Round "1"]
[White "Tarasch"]
[Black "Apdash"]
[WhiteElo "2240"]
[BlackElo "2250"]
[Result "1-0"]
[Round "1"]
1.d4 d5
2.c4 c6
3.Ng1f3 e6
4.e3 Ng8f6
5.Nb1c3 Bf8b4
6.Bf1d3 dxc4
7.Bd3xc4 O-O
8.O-O Nb8d7
9.Bc1d2 b5
10.Bc4d3 a6
11.Ra1c1 Nd7b6
12.Nc3e4 Bb4xd2
13.Ne4xf6 Qd8xf6
14.Nf3xd2 Bc8b7
15.Nd2e4 Qf6e7
16.Ne4c5 Ra8b8
17.Qd1h5 g6
18.Qh5f3 Nb6d5
19.a3 f5
20.Qf3g3 Bb7c8
21.Qg3xb8 f4
22.exf4 Nd5xf4
23.Qb8e5 Nf4xd3
24.Nc5xd3 Bc8d7
25.Nd3c5 Rf8f5
26.Qe5e3 a5
27.Nc5xd7 Qe7xd7
28.Rf1e1 Kf7
29.Rc1c5 Rf5d5
30.Rc5xd5 cxd5
31.Qe3h3 h5
32.Re1c1 Kf6
33.Qh3g3 g5
34.Qg3e5 Kg6
35.Rc1c7 Qd7e8
36.Rc7g7 { resign }
1-0

[Event "Tourn. n10040"]
[Site "www.echecsemail.com"]
[Date "2019.01.26"]
[Round "1"]
[White "Libiesse"]
[Black "Bojan"]
[WhiteElo "1880"]
[BlackElo "1990"]
[Result "0-1"]
[Round "1"]
1.d4 d5
2.c4 b6
3.Nb1c3 e6
4.Ng1f3 c6
5.cxd5 exd5
6.e3 Qd8f6
7.Bf1d3 Nb8a6
8.a3 Bf8e7
9.Qd1c2 Bc8g4
10.Nf3e5 Bg4c8
11.b4 Na6c7
12.Bd3xh7 Be7d6
13.Bh7xg8 Rh8xg8
14.Ne5xc6 Rg8h8
 { time }
0-1

[Event "Match"]
[Site "www.echecsemail.com"]
[Date "2019.01.26"]
[Round "1"]
[White "Numanoid"]
[Black "Nevaeh"]
[WhiteElo "2740"]
[BlackElo "2349"]
[Result "1/2-1/2"]
[Round "1"]
1.e4 e5
2.Ng1f3 Nb8c6
3.d4 exd4
4.Nf3xd4 Ng8f6
5.Nd4xc6 bxc6
6.e5 Nf6d5
7.c4 Nd5b6
8.Bf1d3 g6
9.O-O Bf8g7
10.Nb1c3 O-O
11.Bc1f4 d5
12.exd6 cxd6
13.Ra1c1 Rf8e8
14.Qd1d2 Bc8a6
15.b3 d5
16.cxd5 Ba6xd3
17.Qd2xd3 Bg7xc3
18.Qd3xc3 Nb6xd5
19.Qc3d2 Nd5xf4
20.Qd2xf4 Qd8a5
21.Rc1c2 { draw }
1/2-1/2

[Event "Tourn. n10016"]
[Site "www.echecsemail.com"]
[Date "2019.01.26"]
[Round "1"]
[White "Apdash"]
[Black "Coolant"]
[WhiteElo "2290"]
[BlackElo "2290"]
[Result "0-1"]
[Round "1"]
1.e4 c5
2.Ng1f3 e6
3.d4 cxd4
4.Nf3xd4 a6
5.Bf1c4 b5
6.Bc4b3 Bc8b7
7.Qd1e2 Bf8c5
8.c3 Qd8b6
9.Bc1e3 Nb8c6
10.Nd4xc6 Bc5xe3
11.Nc6e5 Be3c5
12.O-O Ng8f6
13.Nb1d2 Ke7
14.Kh1 a5
15.Ra1d1 d6
16.Ne5g4 h5
17.Ng4xf6 gxf6
18.f4 Ra8g8
19.Bb3c2 h4
20.Nd2f3 h3
21.g3 Qb6c6
22.Nf3d4 Bc5xd4
23.Rd1xd4 f5
24.Kg1 Rh8h4
25.Bc2d3 b4
26.Rd4c4 Qc6b6
27.Qe2f2 Qb6d8
28.cxb4 fxe4
29.Bd3xe4 d5
30.Rc4d4 Bb7a6
31.Rf1e1 Kf6
32.bxa5 Qd8xa5
33.b4 Qa5a3
34.Be4b1 Ba6c4
35.Kh1 Rh4g4
36.Rd4d2 Qa3xb4
37.Rd2b2 Qb4c3
38.Rb2b7 Rg8a8
39.f5 Qc3d4
40.Rb7xf7 Kxf7
41.fxe6 Ke7
42.Qf2f7 Kd6
43.Qf7d7 Kc5
44.Qd7c7 Kb4
45.Qc7b7 Bc4b5
46.Qb7xa8 Qd4f2
47.a3 Kb3
48.Qa8xd5 Bb5c4
49.Bb1a2 Kxa2
{ resign }
0-1

[Event "Match"]
[Site "www.echecsemail.com"]
[Date "2019.01.26"]
[Round "1"]
[White "Bojan"]
[Black "Mitja"]
[WhiteElo "1970"]
[BlackElo "1990"]
[Result "1-0"]
[Round "1"]
1.e4 d5
2.exd5 Qd8xd5
3.Nb1c3 Qd5d8
4.Qd1f3 e6
5.Ng1e2 c6
6.d3 h6
7.b3 Ng8f6
8.Ne2g3 Bf8e7
9.Bc1b2 Qd8c7
10.Nc3e4 Nb8d7
11.Ng3h5 Nf6xh5
12.Qf3xh5 g6
13.Qh5f3 Qc7d8
14.Bb2xh8 { resign }
1-0

[Event "Tourn. n9980"]
[Site "www.echecsemail.com"]
[Date "2019.01.26"]
[Round "1"]
[White "Hundegana"]
[Black "Roque1"]
[WhiteElo "2070"]
[BlackElo "1960"]
[Result "1-0"]
[Round "1"]
1.d4 d5
2.Bc1f4 Nb8c6
3.c3 Ng8f6
4.Nb1d2 g6
5.Ng1f3 Bf8g7
6.h3 O-O
7.e3 e6
8.Bf1d3 Bc8d7
9.O-O a6
10.Qd1b3 b5
11.Qb3c2 Nc6e7
12.Nd2b3 Nf6h5
13.Bf4h2 f5
14.Nb3c5 Rf8f7
15.Nf3e5 Bg7xe5
16.Bh2xe5 Ne7c6
17.Be5h2 Nc6a5
18.b4 Na5c4
19.Bd3xc4 dxc4
20.f3 Qd8e7
21.Bh2xc7 Nh5f6
22.e4 Bd7c6
23.Bc7f4 Nf6d7
24.Nc5xd7 Qe7xd7
25.Ra1d1 Qd7b7
26.e5 a5
27.a3 axb4
28.axb4 Ra8a4
29.Rd1a1 Qb7a8
30.Ra1xa4 bxa4
31.Rf1a1 Rf7a7
32.Ra1a3 Qa8d8
33.Kf2 Kf7
34.g3 g5
35.Bf4e3 Kg8
36.Qc2e2 Bc6b5
37.f4 g4
{ time. }
1-0

[Event "Fast Game"]
[Site "www.echecsemail.com"]
[Date "2019.01.26"]
[Round "1"]
[White "Add"]
[Black "Zack1984"]
[WhiteElo "1870"]
[BlackElo "2040"]
[Result "0-1"]
[Round "1"]
1.c4 f5
2.d3 Kf7
3.e4 e6
4.exf5 exf5
5.Ng1f3 Bf8b4
6.Nb1c3 Ng8f6
7.Nf3g5 Kg8
8.Bf1e2 h6
9.Ng5h3 d5
10.a3 Bb4xc3
11.bxc3 dxc4
12.Nh3f4 g5
13.Nf4g6 Rh8h7
14.d4 Nb8c6
15.Be2xc4 Kg7
16.Ng6e5 Nc6xe5
17.dxe5 Qd8xd1
18.Kxd1 Nf6g4
19.Ke2 Ng4xe5
20.Bc4b3 Kg6
21.Rh1d1 f4
22.Kf1 Bc8f5
23.h4 Rh7d7
24.Rd1xd7 Ne5xd7
25.hxg5 hxg5
26.Bc1b2 Nd7c5
27.Bb3d1 Ra8h8
28.Kg1 Nc5d3
29.Bb2c1 Rh8d8
30.Bd1e2 Nd3c5
31.Be2c4 Rd8d1
32.Kh2 g4
33.Bc4e2 Rd1e1
34.Be2c4 Nc5e4
35.Bc1b2 g3
36.fxg3 fxg3
{ resign }
0-1

[Event "Match"]
[Site "www.echecsemail.com"]
[Date "2019.01.27"]
[Round "1"]
[White "Darknight"]
[Black "Eeze"]
[WhiteElo "1890"]
[BlackElo "1800"]
[Result "0-1"]
[Round "1"]
1.e4 e5
2.Bf1c4 Ng8f6
3.d3 h6
4.h3 c6
5.Ng1f3 b5
6.Bc4b3 d6
7.a3 Bf8e7
8.g4 Nf6xg4
9.hxg4 Bc8xg4
10.Nb1d2 d5
11.exd5 cxd5
12.Qd1e2 f6
13.Rh1g1 h5
14.Bb3a2 Nb8c6
15.b3 Nc6d4
16.Qe2d1 b4
17.a4 Ra8c8
18.Bc1b2 Nd4xc2
19.Ke2 Nc2xa1
20.Qd1xa1 Rc8c2
21.Rg1g3 e4
22.Kd1 Rc2c7
23.Ke2 exf3
24.Kf1 Be7d6
25.Rg3g1 O-O
26.d4 Bd6h2
27.Rg1h1 Bh2f4
28.Qa1d1 Rf8e8
29.Ba2b1 Re8e2
30.Bb2c1 Qd8c8
31.Bc1b2 Bg4h3
32.Rh1xh3 Qc8xh3
{ resign }
0-1

[Event "Tourn. n10014"]
[Site "www.echecsemail.com"]
[Date "2019.01.27"]
[Round "1"]
[White "Rons"]
[Black "Sbb"]
[WhiteElo "2650"]
[BlackElo "2690"]
[Result "0-1"]
[Round "1"]
1.e4 c5
2.Ng1f3 g6
3.d4 cxd4
4.Nf3xd4 Bf8g7
5.c4 Nb8c6
6.Bc1e3 Ng8f6
7.Nb1c3 d6
8.Bf1e2 O-O
9.Ra1c1 Nc6xd4
10.Be3xd4 Bg7h6
11.Rc1b1 e5
12.Bd4e3 Bh6xe3
13.fxe3 Bc8e6
14.O-O Ra8c8
15.b3 Rc8c6
16.Qd1d3 a6
17.Qd3d2 Nf6d7
18.Rb1d1 Nd7c5
19.b4 Nc5d7
20.Nc3d5 Kg7
21.a3 h5
22.Kh1 Qd8h4
23.Be2d3 Rc6c8
24.Bd3e2 Rc8c6
25.Be2d3 Qh4g5
26.Rd1c1 Rc6c8
27.Kg1 Be6xd5
28.cxd5 Rc8xc1
29.Rf1xc1 Rf8a8
30.h3 Qg5d8
31.Qd2b2 a5
32.Rc1f1 Qd8g5
33.Qb2f2 Qg5e7
34.Qf2b2 axb4
35.axb4 h4
36.Rf1a1 Ra8xa1
37.Qb2xa1 Nd7f6
38.Qa1a5 Nf6h5
39.Qa5a2 Qe7g5
40.Qa2d2 Nh5g3
41.Qd2c1 Qg5d8
42.Kf2 Qd8a8
43.Qc1c3 Qa8a2
44.Kf3 Kh6
45.Bd3c2 b5
46.Qc3b3 Qa2a1
47.Bc2d1 f5
48.exf5 gxf5
49.Kf2 Ng3e4
50.Ke2 Ne4c3
{ resign }
0-1

[Event "Match"]
[Site "www.echecsemail.com"]
[Date "2019.01.27"]
[Round "1"]
[White "Cathar"]
[Black "Urbe69"]
[WhiteElo "2140"]
[BlackElo "2370"]
[Result "0-1"]
[Round "1"]
1.e4 c5
2.Nb1c3 Nb8c6
3.f4 d6
4.Ng1f3 g6
5.Bf1e2 Bf8g7
6.O-O e6
7.Qd1e1 Ng8e7
8.Kh1 O-O
9.d3 b6
10.Qe1h4 Bc8b7
11.f5 exf5
12.Bc1h6 f6
13.Bh6xg7 Kxg7
14.Qh4g3 Qd8d7
15.Nf3h4 Nc6d4
16.Be2d1 Ra8e8
17.Rf1f2 d5
18.exf5 Nd4xf5
19.Nh4xf5 Ne7xf5
{ resign }
0-1

[Event "Tourn. n10038"]
[Site "www.echecsemail.com"]
[Date "2019.01.27"]
[Round "1"]
[White "Francesco"]
[Black "Luban"]
[WhiteElo "2020"]
[BlackElo "2140"]
[Result "0-1"]
[Round "1"]
1.e4 c6
2.d4 d5
3.e5 Bc8f5
4.Bf1d3 Bf5xd3
5.Qd1xd3 e6
6.Ng1f3 Qd8d7
7.O-O c5
8.dxc5 Bf8xc5
9.Bc1e3 Bc5xe3
10.Qd3xe3 Nb8c6
11.Rf1d1 Qd7c7
12.Nb1c3 a6
13.a3 Ng8e7
14.Rd1e1 Ne7g6
15.Ra1d1 O-O
16.Nc3a4 Ra8d8
17.Na4c5 a5
18.Nc5d3 Nc6e7
19.Re1e2 Rd8c8
20.c3 Rf8d8
21.Nf3g5 Ne7f5
22.Qe3d2 d4
23.cxd4 Nf5xd4
24.Rd1c1 Nd4xe2
25.Qd2xe2 Qc7xc1
26.Nd3xc1 Rc8xc1
27.Qe2f1 Rd8d1
28.Qf1xd1 Rc1xd1

0-1

[Event "Match"]
[Site "www.echecsemail.com"]
[Date "2019.01.27"]
[Round "1"]
[White "Gambitmiau"]
[Black "Souricette64"]
[WhiteElo "1870"]
[BlackElo "1799"]
[Result "0-1"]
[Round "1"]
1.e4 c5
2.Ng1f3 e6
3.d4 cxd4
4.Nf3xd4 Nb8c6
5.Bf1b5 Qd8c7
6.O-O a6
7.Bb5xc6 dxc6
8.Nd4f3 e5
9.Bc1e3 Ng8f6
10.Qd1d3 Bc8e6
11.Rf1d1 Bf8e7
12.Nf3g5 Be6g4
13.f3 Ra8d8
14.Qd3e2 Rd8xd1
15.Qe2xd1 Bg4d7
16.c4 h6
17.Ng5h3 Bd7xh3
18.gxh3 O-O
19.a3 Rf8d8
20.Qd1b3 Qc7d7
21.Nb1d2 b5
22.cxb5 cxb5
23.Ra1d1 Qd7xh3
24.Be3f2 Nf6h5
25.Bf2g3 Be7c5
26.Kh1 Nh5xg3
{ resign }
0-1

[Event "Tourn. n10052"]
[Site "www.echecsemail.com"]
[Date "2019.01.27"]
[Round "1"]
[White "Souricette64"]
[Black "Bojan"]
[WhiteElo "1799"]
[BlackElo "1900"]
[Result "1-0"]
[Round "1"]
1.e4 e5
2.Ng1f3 d6
3.d4 exd4
4.Qd1xd4 Qd8f6
5.Qd4d1 h6
6.Nb1c3 a6
7.a4 Nb8c6
8.Bf1d3 Nc6e5
9.Nf3xe5 Qf6xe5
10.O-O c6
11.Qd1e2 Ng8f6
12.f4 Qe5a5
13.Bc1e3 Bf8e7
14.Ra1e1 Bc8g4
15.Qe2d2 Nf6d7
16.h3 Bg4h5
17.g4 Bh5g6
18.Kg2 Be7h4
19.Be3f2 Bh4e7
20.Re1e2 O-O-O
21.Rf1b1 Nd7c5
22.b4 Qa5c7
23.bxc5 dxc5
24.Qd2e3 Qc7a5
25.Rb1b3 f6
26.Bd3c4 Rd8d4
27.Bc4e6 Kb8
28.f5 Bg6e8
29.Bf2g3 Ka8
30.Re2d2 Rd4xd2
31.Qe3xd2 h5
32.Be6c8 b5
33.axb5 cxb5
34.Qd2d5 Ka7
35.Qd5b7 { resign }
1-0

[Event "Match"]
[Site "www.echecsemail.com"]
[Date "2019.01.27"]
[Round "1"]
[White "Jaguar91"]
[Black "Hundegana"]
[WhiteElo "2170"]
[BlackElo "2110"]
[Result "1-0"]
[Round "1"]
1.e4 c5
2.Ng1f3 d6
3.d4 g6
4.Nb1c3 Bf8g7
5.Bf1c4 e6
6.O-O Ng8e7
7.Bc1g5 f6
8.Bg5e3 O-O
9.Qd1e2 Kh8
10.Ra1d1 b6
11.dxc5 bxc5
12.Be3xc5 Qd8a5
13.Bc5xd6 Nb8c6
14.Bc4b5 Rf8d8
15.a4 a6
16.b4 Qa5b6
17.a5 Qb6b7
18.Bd6xe7 Rd8xd1
19.Rf1xd1 axb5
20.Be7c5 Bc8d7
21.Nf3d4 Nc6xd4
22.Rd1xd4 f5
23.e5 Bd7c6
24.Qe2d3 Bg7xe5
25.Rd4d8 Ra8xd8
26.Qd3xd8 Kg7
27.Qd8f8 { resign }
1-0

[Event "Fast Game"]
[Site "www.echecsemail.com"]
[Date "2019.01.27"]
[Round "1"]
[White "Stevep84"]
[Black "Zack1984"]
[WhiteElo "1900"]
[BlackElo "2040"]
[Result "1-0"]
[Round "1"]
1.e4 f6
2.d4 Kf7
3.Bf1c4 e6
4.Ng1f3 d5
5.exd5 exd5
6.Bc4b3 Bc8e6
7.Bc1e3 Nb8c6
8.O-O Nc6a5
9.Nb1d2 Na5xb3
10.Nd2xb3 b6
11.Nf3d2 h5
12.f4  { time }
1-0

[Event "Tourn. n10034"]
[Site "www.echecsemail.com"]
[Date "2019.01.28"]
[Round "1"]
[White "Orhany24"]
[Black "Fantomas"]
[WhiteElo "2040"]
[BlackElo "2180"]
[Result "0-1"]
[Round "1"]
1.e4 d5
2.exd5 Qd8xd5
3.d4 e5
4.c3 exd4
5.Qd1xd4 Qd5xd4
6.cxd4 Bf8b4
7.Nb1c3 Ng8f6
8.Bf1d3 Nb8c6
9.Bc1e3 O-O
10.Ng1e2 Nf6d5
11.Be3d2 Bc8e6
12.O-O Rf8e8
13.a3 Bb4a5
14.Ra1c1 Ba5b6
15.Nc3xd5 Be6xd5
16.Bd2c3 Bd5b3
17.Rf1e1 Ra8d8
18.Bd3c2 Bb3c4
19.Ne2g3 Re8xe1
20.Rc1xe1 Bb6xd4
21.Bc3xd4 Nc6xd4
22.Bc2b1 Nd4e6
23.Ng3f5 g6
24.Nf5e3 Bc4b3
25.h3 Rd8d2
{ resign }
0-1

[Event "Tourn. n10038"]
[Site "www.echecsemail.com"]
[Date "2019.01.28"]
[Round "1"]
[White "Bojan"]
[Black "Francesco"]
[WhiteElo "2010"]
[BlackElo "2020"]
[Result "1-0"]
[Round "1"]
1.e4 c6
2.d4 d5
3.exd5 cxd5
4.Nb1c3 Bc8f5
5.Bc1f4 e6
6.a3 Bf8d6
7.Bf4g3 Bd6xg3
8.hxg3 Ng8f6
9.f3 Nb8c6
10.Ng1h3 Qd8b6
11.Bf1b5 a6
12.Bb5xc6 bxc6
13.b3 c5
14.Nc3a4 Qb6a5
15.Kf2 cxd4
16.Qd1xd4 Bf5xc2
17.Na4c5 O-O
18.Rh1c1 Bc2g6
19.b4 Qa5b5
20.Nh3f4 Rf8c8
21.g4 Nf6d7
22.Nf4xg6 hxg6
23.Nc5d3 Qb5b6
24.Ke3 Qb6xd4
25.Kxd4 Kf8
26.Ra1a2 Rc8xc1
27.Nd3xc1 Ra8c8
28.Nc1d3 Rc8c4
29.Ke3 Ke7
30.a4 Kd6
31.b5 axb5
32.axb5 Rc4c3
33.Kd4 Rc3c4
34.Ke3 e5
35.Ra2b2 Kc7
36.Nd3b4 Rc4c3
37.Kd2 d4
38.Nb4d5 Kd6
39.Nd5xc3 dxc3
40.Kxc3 Kc5
41.Kd3 f5
42.gxf5 gxf5
43.g3 Nd7b6
44.Rb2b3 Kd5
45.Rb3c3 g5
46.Rc3c6 Nb6a4
47.Rc6g6 Na4c5
48.Kc3 Nc5e6
49.b6 Ne6c5
50.Kc2 e4
51.fxe4 fxe4
52.Rg6xg5 Kd4
53.Rg5xc5 Kxc5
54.b7 { resign }
1-0

[Event "Tourn. n9977"]
[Site "www.echecsemail.com"]
[Date "2019.01.28"]
[Round "1"]
[White "Ditto"]
[Black "Fabos12"]
[WhiteElo "1850"]
[BlackElo "2010"]
[Result "0-1"]
[Round "1"]
1.d4 e6
2.c4 Nb8c6
3.Ng1f3 d5
4.Bc1f4 Bf8d6
5.Bf4g5 f6
6.Bg5d2 b6
7.Qd1a4 Bc8b7
8.e3 Ng8e7
9.Bf1d3 O-O
10.O-O Bb7c8
11.c5 bxc5
12.dxc5 Bd6xc5
13.Qa4h4 h6
14.Nf3e1 e5
15.e4 Nc6d4
16.exd5 Ne7xd5
17.Qh4e4 Bc8f5
18.Qe4h4 Bc5d6
19.Bd3xf5 Nd4xf5
20.Qh4e4 Nf5e7
21.a3 f5
22.Qe4e2 c6
23.Qe2d3 Qd8c7
24.Qd3g3 e4
25.Bd2xh6 Bd6xg3
26.fxg3 Qc7b6
27.Rf1f2 gxh6
28.b4 Nd5e3
29.Nb1c3 Ne3g4
30.Ra1a2 Ra8d8
31.Nc3a4 Qb6e3
32.Ra2e2 Qe3xa3
33.Na4c5 Rd8d1
34.Rf2f1 Ne7d5
35.Nc5e6 Rf8e8
36.Ne6c5 Ng4e3
37.Rf1f2 Qa3xb4
38.Nc5a6 Rd1xe1
{ resign }
0-1

[Event "Match"]
[Site "www.echecsemail.com"]
[Date "2019.01.28"]
[Round "1"]
[White "Eeze"]
[Black "Tonino1"]
[WhiteElo "1800"]
[BlackElo "2120"]
[Result "0-1"]
[Round "1"]
1.e4 d6
2.d4 Ng8f6
3.Bf1d3 c6
4.c3 g6
5.Bc1g5 Bf8g7
6.h3 h6
7.Bg5h4 O-O
8.Nb1d2 e5
9.dxe5 dxe5
10.Nd2f3 Qd8e7
11.Ng1e2 g5
12.Bh4g3 Nf6h5
13.Qd1b3 Nh5xg3
14.Ne2xg3 Bc8e6
15.Ng3f5 Qe7d7
16.Qb3c2 Rf8e8
17.Nf5xg7 Kxg7
18.Nf3xe5 Qd7d6
19.Ne5f3 Nb8d7
20.O-O Nd7e5
21.Nf3d4 Ne5xd3
22.Qc2xd3 Kg8
23.Qd3f3 Be6c4
24.Rf1d1 Qd6e5
25.Rd1e1 Kh7
26.b3 Bc4e6
27.Nd4xe6 Re8xe6
28.Qf3xf7 Kh8
29.Qf7xb7 Ra8d8
30.Qb7b4 Rd8d2
31.c4 Qe5d4
32.Qb4f8 Kh7
33.Qf8f5 Kg7
34.Re1f1 Re6f6
35.Qf5a5 Rf6xf2
36.Kh1 Qd4xe4
37.Rf1xf2 Rd2xf2
38.Qa5c7 Kg6
39.Qc7d6 Rf2f6
40.Qd6c5 a6
41.Qc5b6 Rf6d6
42.Qb6c5 Rd6d2
43.Qc5g1 Rd2d3
44.Qg1h2 h5
45.c5 Qe4d5
46.b4 Qd5d4
47.Qh2d6 Qd4xd6
48.cxd6 Rd3xd6
49.a3 Rd6d3
50.Kg1 Kf5
51.Ra1a2 Rd3c3
52.Kf2 Kf4
53.a4 g4
54.hxg4 hxg4
55.Ra2b2 g3
56.Ke2 Rc3e3
57.Kf1 Re3a3
58.b5 cxb5
59.axb5 axb5
60.Rb2b4 Ke3
61.Rb4b1 b4
62.Rb1e1 Kf4
63.Re1c1 Ra3c3
64.Rc1d1 b3
65.Rd1d4 Ke3
66.Rd4d1 b2
67.Rd1e1 Kf4
68.Re1e8 Rc3c1
69.Ke2 b1Q
{ resign }
0-1

[Event "Tourn. n10033"]
[Site "www.echecsemail.com"]
[Date "2019.01.28"]
[Round "1"]
[White "Virgil08bv"]
[Black "Foxy100"]
[WhiteElo "2580"]
[BlackElo "2430"]
[Result "1-0"]
[Round "1"]
1.e4 e5
2.Ng1f3 Nb8c6
3.Bf1b5 a6
4.Bb5a4 Ng8f6
5.O-O Bf8e7
6.Rf1e1 b5
7.Ba4b3 O-O
8.h3 d6
9.c3 Rf8e8
10.d4 Bc8b7
11.Nb1d2 Be7f8
12.d5 Nc6b8
13.Nd2f1 Nb8d7
14.Nf1g3 h6
15.Nf3h2 Nd7c5
16.Bb3c2 c6
17.Nh2g4 a5
18.Ng3f5 Kh8
19.Ng4xf6 Qd8xf6
20.Bc1e3 cxd5
21.exd5 Ra8c8
22.Qd1d2 Kg8
23.Ra1d1 Rc8c7
24.Qd2e2 Bb7a6
25.b4 axb4
26.cxb4 Nc5d7
27.Bc2e4 Re8c8
28.Be4d3 Ba6b7
29.Qe2g4 g6
30.Nf5xh6 Bf8xh6
31.Be3xh6 Nd7b6
32.Bh6g5 Qf6g7
33.Bd3xb5 f5
34.Qg4h4 Nb6xd5
35.a4 Qg7h7
36.Bb5a6 Qh7xh4
37.Bg5xh4 Nd5xb4
38.Ba6xb7 Rc7xb7
39.Rd1xd6 { resign }
1-0

[Event "Match"]
[Site "www.echecsemail.com"]
[Date "2019.01.28"]
[Round "1"]
[White "Marbachess"]
[Black "Tonino1"]
[WhiteElo "2590"]
[BlackElo "2250"]
[Result "1-0"]
[Round "1"]
1.f4 d6
2.b3 Ng8f6
3.Ng1f3 g6
4.Bc1b2 Bf8g7
5.e3 O-O
6.Bf1e2 c6
7.c4 Qd8c7
8.O-O Nb8d7
9.d4 Nf6e4
10.Nb1d2 f5
11.Nd2xe4 fxe4
12.Nf3d2 d5
13.Ra1c1 e6
14.b4 Nd7f6
15.cxd5 exd5
16.b5 Bc8d7
17.Bb2a3 Rf8e8
18.Nd2b3 Ra8c8
19.h3 Qc7b8
20.Nb3c5 Re8e7
21.bxc6 Bd7xc6
22.Nc5a6 bxa6
23.Ba3xe7 Nf6e8
24.Be2xa6 Rc8c7
25.Qd1b3 Qb8xb3
26.axb3 Rc7xe7
27.Rc1xc6 Re7c7
28.Rc6xc7 Ne8xc7
29.Ba6b7 Bg7f8
30.Rf1c1  { time }
1-0

[Event "Tourn. n10032"]
[Site "www.echecsemail.com"]
[Date "2019.01.28"]
[Round "1"]
[White "Malbertan"]
[Black "Picifarkinca"]
[WhiteElo "2000"]
[BlackElo "1830"]
[Result "1-0"]
[Round "1"]
1.Ng1f3 d5
2.Nb1c3 Ng8f6
3.d4 e6
4.Bc1g5 c5
5.e3 Nb8c6
6.Bf1b5 cxd4
7.Nf3xd4 Bc8d7
8.O-O Bf8e7
9.Rf1e1 O-O
10.Bb5e2 Ra8c8
11.Qd1d2 h6
12.Bg5h4 a6
13.Ra1d1 e5
14.Nd4xc6 Bd7xc6
15.Bh4xf6 Be7xf6
16.Be2f3 d4
17.Nc3e4 Qd8b6
18.Ne4xf6 gxf6
19.Bf3xc6 Rc8xc6
20.exd4 Qb6xd4
21.Qd2xh6 f5
22.Qh6xc6 Qd4xd1
23.Re1xd1 bxc6
24.Rd1d6 Rf8c8
25.Rd6f6 f4
26.Kf1 Kg7
27.Rf6d6 f6
28.Rd6d7 { resign }
1-0

[Event "Match"]
[Site "www.echecsemail.com"]
[Date "2019.01.28"]
[Round "1"]
[White "Aiko1603"]
[Black "Estonia"]
[WhiteElo "2150"]
[BlackElo "2010"]
[Result "1-0"]
[Round "1"]
1.c4 e5
2.Nb1c3 Ng8f6
3.g3 Bf8c5
4.Bf1g2 O-O
5.d3 c6
6.Ng1f3 Qd8c7
7.Bc1g5 Nf6g4
8.Nc3e4 Bc5b4
9.Bg5d2 Bb4c5
10.Ne4xc5 d6
11.Nc5b3 Nb8d7
12.h3 Ng4f6
13.O-O h6
14.Bd2e3 a5
15.a4 b6
16.Nf3h4 Nd7c5
17.Nb3xc5 bxc5
18.Qd1c1 Bc8e6
19.b3 Ra8b8
20.Ra1b1 Qc7d7
21.Kh2 Kh7
22.f4 exf4
23.Be3xf4 Nf6h5
24.Bf4e3 f5
25.Qc1d2 Qd7c7
26.Bg2f3 Nh5f6
27.Nh4g2 Rb8b4
28.Ng2f4 Be6f7
29.Qd2e1 Rf8b8
30.Be3d2 Rb4xb3
31.Rb1xb3 Rb8xb3
32.Bd2xa5 Qc7b7
33.Ba5d8 Qb7a8
34.Bd8xf6 gxf6
35.Qe1a1 Qa8d8
36.Bf3xc6 Rb3b6
37.Bc6b5 d5
38.a5 Rb6b7
39.a6 Rb7a7
40.Nf4xd5 Bf7xd5
41.cxd5 Kg6
42.Bb5c4 Qd8e7
43.Rf1f2 Qe7e3
44.Qa1f1 Qe3e5
45.Rf2f4 h5
46.Qf1f3 Ra7e7
47.d4 cxd4
48.Bc4d3 Qe5d6
49.Rf4xf5 Kg7
50.Qf3xh5 Re7e5
51.Rf5xe5 fxe5
52.Qh5h7 Kf8
53.a7 Qd6xd5
54.Qh7h8 Ke7
55.a8Q { resign }
1-0

[Event "Match"]
[Site "www.echecsemail.com"]
[Date "2019.01.28"]
[Round "1"]
[White "Guidom"]
[Black "Tbsundar"]
[WhiteElo "2100"]
[BlackElo "2060"]
[Result "1-0"]
[Round "1"]
1.e4 e5
2.Ng1f3 Nb8c6
3.Bf1b5 a6
4.Bb5a4 Ng8f6
5.d3 Bf8e7
6.Ba4xc6 dxc6
7.Nf3xe5 Qd8d4
8.Ne5f3 Qd4d8
9.O-O O-O
10.Bc1g5 Bc8g4
11.Nb1d2 Nf6d7
12.Bg5xe7 Qd8xe7
13.h3 Bg4h5
14.Qd1e1 Ra8e8
15.Qe1e3 Qe7b4
16.Qe3d4 Qb4e7
17.Ra1e1 Re8d8
18.Qd4c3 Rf8e8
19.Nf3h2 Nd7e5
20.f4 Ne5d7
21.g4 Qe7h4
22.Kg2 Bh5g6
23.Nd2f3 Qh4e7
24.f5 Qe7c5
25.Qc3xc5 Nd7xc5
26.fxg6 hxg6
27.Nf3d2 Nc5a4
28.b3 Na4c3
29.a4 Nc3a2
30.Nd2f3 Na2b4
31.Rf1f2 c5
32.Nh2f1 f6
33.Nf1e3 b5
34.axb5 axb5
35.Ne3d5 Nb4xd5
36.exd5 Re8xe1
37.Nf3xe1 Rd8xd5
38.Rf2f4 Kf7
39.Ne1f3 Ke6
40.Rf4e4 Kf7
41.Kf2 g5
42.Ke3 Rd5d8
43.d4 Rd8d5
44.c4 cxd4
45.Re4xd4 Rd5c5
46.b4 Rc5c6
47.c5 Rc6e6
48.Rd4e4 Re6a6
49.Kd4 Ra6a4
50.Kd5 Ra4a3
51.Nf3d4 Ra3d3
52.Kc6 Rd3xh3
53.Kxc7 Rh3h4
54.Nd4f5 Rh4h7
55.Kb6 Kg6
56.Re4e7 { resign }
1-0

[Event "Tourn. n10040"]
[Site "www.echecsemail.com"]
[Date "2019.01.28"]
[Round "1"]
[White "Caroluigi"]
[Black "Sorim"]
[WhiteElo "1980"]
[BlackElo "2150"]
[Result "1/2-1/2"]
[Round "1"]
1.e4 e5
2.Ng1f3 Nb8c6
3.Bf1b5 a6
4.Bb5a4 Ng8f6
5.Nb1c3 b5
6.Ba4b3 Bf8e7
7.O-O O-O
8.a3 Be7c5
9.d3 d6
10.Bc1e3 Nc6d4
11.Nc3d5 Nd4xb3
12.cxb3 Nf6xd5
13.Be3xc5 dxc5
14.exd5 Qd8xd5
15.Rf1e1 f6
16.h3 Bc8e6
17.Ra1c1 Qd5xb3
18.Qd1xb3 Be6xb3
19.Rc1xc5 Rf8d8
20.Rc5c3 Bb3d5
21.Nf3d2 Ra8c8
22.Re1c1 Rd8d7
23.Nd2e4 c6
24.Rc3c5 f5
25.Ne4c3 Rc8f8
26.Rc1e1 e4
27.dxe4 fxe4
28.Nc3xe4 Bd5xe4
29.Re1xe4 Rd7d2
30.Rc5xc6 Rf8xf2
31.Re4g4 Rd2xb2
32.Rc6xa6 g6
33.Ra6a7 Rb2a2
34.Ra7b7 Rf2f7
{ draw }
1/2-1/2

[Event "1/64 Finale"]
[Site "www.chess-mail.com"]
[Date "2019.01.28"]
[Round "1"]
[White "Piriot"]
[Black "Bojan"]
[WhiteElo "2330"]
[BlackElo "1990"]
[Result "1-0"]
[Round "1"]
1.Ng1f3 d5
2.c4 dxc4
3.g3 b5
4.a4 c6
5.axb5 cxb5
6.Nb1c3 Bc8b7
7.Nc3xb5 a6
8.Nb5c3 Bb7c6
9.Bf1g2 e6
10.O-O Bf8b4
11.Nf3e5 Bc6xg2
12.Kxg2 Ng8f6
13.Qd1a4 Nb8d7
14.Ne5xd7 a5
15.Nd7xf6 Kf8
16.Nf6g4 Qd8c7
17.b3 Ke7
18.Bc1a3 Rh8b8
19.f3 Qc7c5
20.Ra1c1 Bb4xa3
21.Rc1b1 cxb3
22.Rb1xb3 Ba3b4
23.Ng4f2 Rb8d8
24.Nf2d3 Qc5d6
25.Nc3e4 Qd6d5
26.Nd3xb4 axb4
27.Qa4xb4 Ke8
28.Rb3d3 Qd5e5
29.Rd3xd8 Ra8xd8
30.e3 f5
31.d4 Qe5c7
32.Qb4c5 Qc7d7
33.Ne4g5 Rd8c8
34.Qc5e5 Rc8c6
35.Rf1f2 h6
36.Ng5h3 Kf7
37.Nh3f4 g5
38.Nf4h5 Kg6
39.g4 Qd7f7
40.e4 f4
41.h4 Rc6c8
42.hxg5 hxg5
43.d5 Rc8e8
44.dxe6 Qf7e7
45.Qe5f5 Kh6
46.Qf5f6 Qe7xf6
47.Nh5xf6 Re8xe6
48.Nf6d5 Re6a6
49.Rf2b2 Kg6
50.Rb2b6 { resign }
1-0